<?xml version="1.0" encoding="UTF-8"?>
<marc:record xmlns:marc="http://www.loc.gov/MARC21/slim">
   <marc:leader>00000nam a2200000 a 4500</marc:leader>
   <marc:datafield ind1=" " ind2=" " tag="653">
      <marc:subfield code="a">Sachbilderbücher/Mensch</marc:subfield>
   </marc:datafield>
   <marc:datafield ind1="0" ind2="0" tag="245">
      <marc:subfield code="a">Clever!</marc:subfield>
   </marc:datafield>
   <marc:datafield ind1="0" ind2="0" tag="245">
      <marc:subfield code="c">SAT 1. Wigald Boning ; Barbara Eligmann ; Ulrike Berger. [Red.: Ulrike Berger ; Claudia Fahlbusch</marc:subfield>
   </marc:datafield>
   <marc:datafield ind1=" " ind2="1" tag="264">
      <marc:subfield code="a">Freiburg, Br.</marc:subfield>
      <marc:subfield code="b">Velber</marc:subfield>
      <marc:subfield code="c">2007</marc:subfield>
   </marc:datafield>
   <marc:datafield ind1="1" ind2=" " tag="520">
      <marc:subfield code="a">Angaben aus der Verlagsmeldung

Das Körper-Labor : Clever! Das Buch, das Wissen schafft / von Barbara Eligmann, Wigald Boning, Ulrike Berger

Welche Gefahr droht, wenn man sich komplett mit Gold bemalt? Kann ein Haarschopf das Gewicht eines Autos tragen? Können Kühe rülpsen? Woher kommt der Schluckauf? Weshalb haben wir zwei Augen und warum zehn Zehen? Barbara Eligmann, Wigald Boning, Ulrike Berger und das clever!-Team erforschen den Körper von Mensch und Tier – und sie stoßen dabei auf äußerst verblüffende Antworten!
</marc:subfield>
   </marc:datafield>
   <marc:datafield ind1=" " ind2=" " tag="020">
      <marc:subfield code="a">9783866135543</marc:subfield>
      <marc:subfield code="9">9783866135543</marc:subfield>
   </marc:datafield>
   <marc:datafield ind1=" " ind2=" " tag="020">
      <marc:subfield code="a">3866135548</marc:subfield>
      <marc:subfield code="9">3866135548</marc:subfield>
   </marc:datafield>
   <marc:datafield ind1=" " ind2=" " tag="041">
      <marc:subfield code="a">ger</marc:subfield>
   </marc:datafield>
   <marc:datafield ind1=" " ind2=" " tag="300">
      <marc:subfield code="a">69 S.</marc:subfield>
   </marc:datafield>
</marc:record>
